Current WWE Wrestler that were/are World Champion - Statistiken

Allgemein
  • Dieses Quiz wurde 110 mal gespielt
  • Das Durchschnittsergebnis liegt bei 9 aus 13
Antwortstatistiken
Antwort % Korrekt
14 John Cena
92%
3 Roman Reigns
91%
10 Randy Orton
87%
2 Seth Rollins
86%
4 Brock Lesnar
79%
2 Cody Rhodes
77%
2 Drew McIntyre
68%
6 CM Punk
65%
2 AJ Styles
64%
1 Kofi Kingston
60%
1 Rey Mysterio
51%
3 Sheamus
51%
1 The Miz
47%
Keine übereinstimmenden Quizze gefunden
Verteilung der Resultate
Anzahl Personen mit jedem Resultat
Perzentil nach korrekt beantworteten Fragen
Ihre Resultats-Entwicklung
Sie haben dieses Quiz noch nicht gespielt